000 00142nam a2200061Ia 4500
999 _c10519
_d10519
003 OSt
005 20230426051335.0
008 170523s9999 xx 000 0 und d
040 _cIIMT UNIVERSITY MEERUT
100 _aVOHRA N D
245 0 _aQUANTITATIVE TECHNIQUES IN MANAGEMENT
260 _aNEW DELHI
_bTMH
_c2011
300 _a1063
942 _2ddc
_c02